<?xml version="1.0" encoding="UTF-8"?>
<collection xmlns="http://www.loc.gov/MARC21/slim">
 <record>
  <leader>05341nam a2200325 a 4500</leader>
  <controlfield tag="001">kal1660</controlfield>
  <controlfield tag="003">Gr-AtHEAL</controlfield>
  <controlfield tag="005">20160421141310.0</controlfield>
  <controlfield tag="006">m        d        </controlfield>
  <controlfield tag="008">160413s2015    gr      s           gre|c</controlfield>
  <datafield tag="020" ind1=" " ind2=" ">
   <subfield code="a">9789606031731</subfield>
  </datafield>
  <datafield tag="040" ind1=" " ind2=" ">
   <subfield code="a">GR-AtHEAL</subfield>
   <subfield code="b">gre</subfield>
   <subfield code="c">GR-AtHEAL</subfield>
  </datafield>
  <datafield tag="082" ind1="0" ind2="4">
   <subfield code="a">617.6</subfield>
   <subfield code="2">23</subfield>
  </datafield>
  <datafield tag="100" ind1="1" ind2=" ">
   <subfield code="a">Κοτσάνος, Νικόλαος.</subfield>
   <subfield code="8">317</subfield>
  </datafield>
  <datafield tag="245" ind1="1" ind2="0">
   <subfield code="a">Παιδοδοντιατρική - Εργαστηριακός οδηγός</subfield>
   <subfield code="h">[Ηλεκτρονικός πόρος] </subfield>
   <subfield code="c">Κοτσάνος, Νικόλαος ;  Αρχάκης, Αριστείδης ; Κριτικός αναγνώστης,Αραποστάθης, Κωνσταντίνος ; Γραφιστική επιμέλεια,Μαλτσίδου, Μελίνα ; Τεχνική επιμέλεια,Μαλτσίδου, Μελίνα.</subfield>
  </datafield>
  <datafield tag="260" ind1=" " ind2=" ">
   <subfield code="a">Αθήνα :</subfield>
   <subfield code="b">Σύνδεσμος Ελληνικών Ακαδημαϊκών Βιβλιοθηκών,</subfield>
   <subfield code="c">c2015.</subfield>
  </datafield>
  <datafield tag="490" ind1=" " ind2=" ">
   <subfield code="a">Ακαδημαϊκά Ηλεκτρονικά Συγγράμματα και Βοηθήματα Κάλλιπος</subfield>
   <subfield code="8">40</subfield>
  </datafield>
  <datafield tag="520" ind1=" " ind2=" ">
   <subfield code="a">Σκοπός του βιβλίου είναι να περιγραφούν οι απαραίτητες θεωρητικές και τεχνικές γνώσεις που αφορούν την Παιδοδοντιατρική σε εργαστηριακό επίπεδο ή σε συνθήκες κλινικής προσομοίωσης, ώστε να χρησιμοποιηθούν για βελτίωση δεξιοτήτων σε επίπεδο αριστείας στην κλινική πράξη. Στο σύγγραμμα αυτό περιγράφονται τα ακόλουθα: 1. Οι μορφολογικές και ιστολογικές διαφορές νεογιλών και μονίμων δοντιών και πώς αυτές επηρεάζουν τις παρασκευές κοιλότητας για έμφραξη με αμάλγαμα ή αισθητικά υλικά. 2. Τα οφέλη χρήσης του απομονωτήρα τόσο για τον ασθενή όσο και για τον οδοντίατρο. Τα απαραίτητα εργαλεία και υλικά για την απομόνωση. Οι διάφοροι τρόποι απομόνωσης. Τα στάδια απομόνωσης. Τρόποι απομόνωσης για πρόσθια και οπίσθια δόντια. 3. Οι ενδείξεις εφαρμογής κάλυψης οπών και σχισμών (ΚΟΣ). Τα στάδια κλινικής εφαρμογής ΚΟΣ. Τα είδη υλικών ΚΟΣ. Συχνότητα επανεξετάσεων των ΚΟΣ. Εφαρμογή ΚΟΣ σε νεογιλά και μόνιμα δόντια. 4. Οι ενδείξεις εφαρμογής προληπτικών εμφράξεων σύνθετης ρητίνης και τα τα στάδια της κλινικής εφαρμογής τους. 5. Οι μέθοδοι παρασκευής κοιλοτήτων Ιης, ΙΙης, ΙΙΙης και Vης ομάδας σε νεογιλά δόντια για εμφράξεις με σύνθετη ρητίνη, ρητινωδώς τροποποιημένη υαλοιονομερής κονία και αμάλγαμα.6. Οι ενδείξεις και οι μέθοδοι τοποθέτησης προκατασκευασμένων ανοξείδωτων στεφανών καθώς και αισθητικών στεφανών στα νεογιλά δόντια.7. Οι ενδείξεις και τα στάδια πολφοτομής στα νεογιλά δόντια.8. Οι προϋποθέσεις ενός σωστού νάρθηκα ακινητοποίησης μετά από οδοντικό τραύμα, οι διάφορες μέθοδοι ακινητοποίησης, τα στάδια εφαρμογής νάρθηκα ακινητοποίησης.9. Οι ενδείξεις εφαρμογής των πάγιων και κινητών μηχανημάτων διατήρησης και επανάκτησης χώρου και τα στάδια κατασκευής τους (δακτυλίου με συρμάτινη αγκύλη, γλωσσικού τόξου, διυπερώιου τόξου, υπερώιας πλάκας με ελατήρια, εξελίκτρα κλπ).</subfield>
  </datafield>
  <datafield tag="650" ind1=" " ind2="0">
   <subfield code="a">Dentistry</subfield>
   <subfield code="8">2078</subfield>
  </datafield>
  <datafield tag="650" ind1=" " ind2="0">
   <subfield code="a">Dental Care for Children</subfield>
   <subfield code="8">2079</subfield>
  </datafield>
  <datafield tag="653" ind1=" " ind2=" ">
   <subfield code="a">Παρασκευή δοντιών-προκατασκευασμένες στεφάνες</subfield>
  </datafield>
  <datafield tag="653" ind1=" " ind2=" ">
   <subfield code="a">Επιστήμες υγείας</subfield>
   <subfield code="a">Οδοντιατρική</subfield>
  </datafield>
  <datafield tag="653" ind1=" " ind2=" ">
   <subfield code="a">Επιστήμες υγείας</subfield>
   <subfield code="a">Οδοντιατρική</subfield>
   <subfield code="a">Παιδιατρική οδοντιατρική</subfield>
  </datafield>
  <datafield tag="700" ind1="1" ind2=" ">
   <subfield code="a">Αρχάκης, Αριστείδης</subfield>
   <subfield code="e">Συγγραφέας</subfield>
   <subfield code="8">333</subfield>
  </datafield>
  <datafield tag="700" ind1="1" ind2=" ">
   <subfield code="a">Αραποστάθης, Κωνσταντίνος</subfield>
   <subfield code="e">Κριτικός αναγνώστης</subfield>
   <subfield code="8">334</subfield>
  </datafield>
  <datafield tag="856" ind1="4" ind2="0">
   <subfield code="u">http://hdl.handle.net/11419/1660</subfield>
   <subfield code="z">Πλήρες Κείμενο - Full text</subfield>
  </datafield>
  <datafield tag="907" ind1=" " ind2=" ">
   <subfield code="a">.b25680031</subfield>
   <subfield code="b">12-06-18</subfield>
   <subfield code="c">29-07-16</subfield>
  </datafield>
  <datafield tag="949" ind1=" " ind2=" ">
   <subfield code="0">0</subfield>
   <subfield code="1">0</subfield>
   <subfield code="2">ddc</subfield>
   <subfield code="4">0</subfield>
   <subfield code="6">617_600000000000000_ΚΟΤ</subfield>
   <subfield code="7">0</subfield>
   <subfield code="8">KALL</subfield>
   <subfield code="8">762</subfield>
   <subfield code="d">2016-04-13</subfield>
   <subfield code="r">2016-04-13</subfield>
   <subfield code="w">2016-04-13</subfield>
   <subfield code="z">617.6 ΚΟΤ</subfield>
   <subfield code="o">SEAB KALLIPOS</subfield>
  </datafield>
  <datafield tag="998" ind1=" " ind2=" ">
   <subfield code="a">80</subfield>
   <subfield code="a">01</subfield>
   <subfield code="a">02</subfield>
   <subfield code="a">03</subfield>
   <subfield code="a">04</subfield>
   <subfield code="a">05</subfield>
   <subfield code="a">06</subfield>
   <subfield code="a">07</subfield>
   <subfield code="a">08</subfield>
   <subfield code="a">09</subfield>
   <subfield code="a">10</subfield>
   <subfield code="a">11</subfield>
   <subfield code="a">12</subfield>
   <subfield code="a">13</subfield>
   <subfield code="a">14</subfield>
   <subfield code="a">15</subfield>
   <subfield code="a">16</subfield>
   <subfield code="a">17</subfield>
   <subfield code="a">18</subfield>
   <subfield code="a">19</subfield>
   <subfield code="a">20</subfield>
   <subfield code="a">21</subfield>
   <subfield code="a">22</subfield>
   <subfield code="a">23</subfield>
   <subfield code="a">24</subfield>
   <subfield code="a">26</subfield>
   <subfield code="a">25</subfield>
   <subfield code="b">16-05-17</subfield>
   <subfield code="c">m</subfield>
   <subfield code="d">z  </subfield>
   <subfield code="e">-</subfield>
   <subfield code="f">gre</subfield>
   <subfield code="g">gr </subfield>
   <subfield code="h">0</subfield>
  </datafield>
  <datafield tag="942" ind1=" " ind2=" ">
   <subfield code="2">ddc</subfield>
   <subfield code="c">KALLIPOS</subfield>
  </datafield>
 </record>
</collection>
